000 00281nam a22001217a 4500
008 180926b xxu||||| |||| 00| 0 eng d
041 _aeng
080 _a912
100 _a42
101 _aGeo
245 _aPeople On Erath A world Geography
_cDrummond.d
942 _2udc
_cBK
999 _c48463
_d48463